| 000 | 00706nam a22002297a 4500 | ||
|---|---|---|---|
| 001 | 9303 | ||
| 003 | FISKH | ||
| 005 | 20251209153338.0 | ||
| 008 | 251209b cb ||||| |||| 00| 0 eng d | ||
| 020 | _a9780756510466 | ||
| 040 |
_aFISKH _beng _cFISKH _dFISKH |
||
| 050 | _aJV6484 .R33 | ||
| 082 | _a304.8 | ||
| 100 | _aRaatma, Lucia | ||
| 245 |
_aEllis island / _cby Lucia Raatma |
||
| 260 |
_aWashington : _bCompass Point Books, _c2003. |
||
| 300 |
_a48 pages : _bcolor illustrations ; _c23 cm |
||
| 520 | _aDescribes the history and significance of Ellis Island for immigrants coming to the United States. | ||
| 650 |
_aPicture book _vNon-fiction _xImmigration |
||
| 942 |
_2ddc _cBK _n0 |
||
| 999 |
_c9303 _d9303 |
||